| 000 | 00626nac a22001811u 4500 | ||
|---|---|---|---|
| 020 | _a8185749884 | ||
| 082 |
_a669.069 _bD654 |
||
| 090 |
_c843 _d843 |
||
| 100 | _aDogra, R. K. | ||
| 245 |
_aAdvances in material science and metallurgy / _cR.K. Dogra, A.K. Sharma. |
||
| 260 |
_aNew Delhi : _bS. K. Kataria & Sons, _c2005. |
||
| 300 |
_a469 p. : _bill. ; _c24 cm. |
||
| 500 | _aIncludes index. | ||
| 650 | _aMetallurgy | ||
| 700 | _aSharma, A.K. | ||
| 942 |
_cBB _k669.069D654 |
||
| 999 |
_c843 _d843 |
||